000 00441nam a2200157Ia 4500
008 240829s2013 xx 000 0 und d
041 _aeng
082 _a1
100 _aCHOUGULE MAHESH MAHAVIR
245 _aEFFICACY OF KHARJURADILEHA ON KASA W.S.R. TO URITIN CHILDREN.
250 _a1
260 _a2013
_bN.D.
300 _a500p
650 _aKAUMARBRUTYA
906 _aEFFICACY OF KHARJURADILEHA ON KASA W.S.R. TO URITIN CHILDREN.
999 _c1183393
_d1183393